| 000 | 01365nam a2200397 c 4500 | ||
|---|---|---|---|
| 001 | 57912 | ||
| 003 | CO-BoRNBP | ||
| 005 | 20250812194830.0 | ||
| 007 | ta | ||
| 008 | 211027s2021 ck a ||ar ||| 00| 1 spa d | ||
| 020 | _a9789585350953 | ||
| 040 |
_aCO-BoRNBP _bspa _erda _cCO-BoRNBP |
||
| 041 | 0 | _aspa | |
| 043 | _as-ag--- | ||
| 084 | _aA | ||
| 100 |
_aGusti, _d1963- _eaut _9781 |
||
| 245 | 1 | 1 |
_a¡Esta caca es mía! / _cescrito e ilustrado por Gusti. |
| 250 | _aEdición especial | ||
| 264 | 1 |
_aMedellín, Colombia : _bNubeOcho Ediciones, _c2021 |
|
| 300 |
_a[32] páginas sin numerar : _bilustraciones a color |
||
| 336 |
_atexto _btxt _2rdacontent |
||
| 337 |
_asin mediación _bn _2rdamedia |
||
| 338 |
_avolumen _bnc _2rdacarrier |
||
| 490 | 0 | _aPlan Nacional de Lectura y Escritura Leer es mi Cuento / Ministerio de Cultura | |
| 500 | _aGusti es el seudónimo de Gustavo Ariel Rosemffet | ||
| 521 | _aRecomendado para un público infantil mayor de 3 años | ||
| 650 | 0 | 4 |
_aÁlbumes infantiles argentinos _ysiglo xx _2LEMB _9782 |
| 650 | 0 | 7 |
_aAmistad _válbum _2LEMB _9787 |
| 650 | 0 | 7 |
_aEnvidia _válbum _2lemb _9788 |
| 650 | 0 | 7 |
_aImaginación _válbum _2lemb _9786 |
| 650 | 0 | 4 |
_aLiteratura infantil argentina _ysiglo xx _2LEMB _9783 |
| 650 | 0 | 7 |
_aMoscas _vatlas _2lemb _962020 |
| 655 |
_aAtlas _9324629 |
||
| 655 |
_aÁlbumes _9324623 |
||
| 942 |
_2loc _cBKLIT |
||
| 999 |
_c57912 _d57912 |
||